000 01330nam a2200313 c 4500
003 BLK
005 20240303003955.0
008 180409b bul|||||r ||||||| ||bul||
010 _aKNG00140884000
040 _aBLK
041 _aBUL
_cBUL
080 _aБългарска литература
_b821.163.2
_x-17
_z821.163.2-17
100 _aГанчев, Марко
_gПисател и поет, сатирик, преводач от немски и белоруски
_d1932-
_qМаринов, Марко Ганчев
_eпърви автор
_9267403
700 1 _aМаринов, Марко Ганчев
_e*
_9373605
139 _aГанчев, Марко
_bГ 22
245 1 0 _aКъси съединения
_bСатир.стихотворения
_cМарко Ганчев; * Марко Ганчев Маринов.
257 _aBGR
260 София
_bБълг. писател
_c1989
300 _a184 с.
_c17 см
380 _aX
490 1 _aКлуб Приятели на хумора и сатирата
500 _a4 112 тир.
852 _aЦб І 24502
856 4 _qpdf
_u
856 4 _qpdf
_u
942 _cKNG
_n0
944 _aCR
_c15.03.2013
_lCRON CRON
_k
944 _aED
_c15.03.2013
_l15.03.2013 - от С1,Р / 15.03.2013
_k
999 _c134963
_d134963